000
00318nam a2200121 a 4500
001
4140
005
20140414132033.0
008
090218s19uu xx 00 eng d
050
_a
TR
_b
L52 2001
100
_a
Nilsen, Anna
245
_a
Let's learn colours :
_b
a fun flip activity book to play together.
999
_c
113669
_d
113669